| 000 | 01058cab a2200193 4500 | ||
|---|---|---|---|
| 001 | ##L133980 | ||
| 008 | 060627n2006 000 0 eng u | ||
| 035 | _a(Sirsi) u133980 | ||
| 041 | 0 | _aeng | |
| 100 | 1 | _aGarthwaite, Helen | |
| 245 | 0 | 0 | _aTaking the easy way out |
| 260 | _c2006 | ||
| 490 | 0 |
_aBuilding _v271(8436) 23 June 2006, 80(1) |
|
| 520 | _aArgues that by creating a mediation-style dispute resolution service, the Technology and Construction Court (TCC) is merely responding to the demands of construction clients, by providing them with a judicial evaluation before becoming locked into a formal court battle. Experience of similar systems in the USA and Europe shows that concerns about judges acting as mediators are probably misplaced. Also provides a brief guide to TCC mediation procedure. | ||
| 590 | _aIKA040706 | ||
| 651 | 4 |
_aEngland and Wales _y1543- |
|
| 690 | _aMANAGEMENT-DISPUTE AVOIDANCE, MANAGEMENT AND RESOLUTION-DISPUTE MANAGEMENT AND RESOLUTION-ALTERNATIVE DISPUTE RESOLUTION-ASSISTED NEGOTIATION-MEDIATION | ||
| 942 | _n0 | ||
| 999 |
_c77303 _d77303 |
||